| 000 | 00805nam a2200229 4500 | ||
|---|---|---|---|
| 999 |
_c65442 _d65442 |
||
| 005 | 20240530110825.0 | ||
| 008 | 190805s2004 ua g 000 0 ara d | ||
| 017 |
_a2004/19592 _bمصر. دار الكتب |
||
| 020 | _a9773990001 | ||
| 040 |
_aEG-CaGPL _cEG-CaGPL |
||
| 082 | 0 | 4 |
_221 _a243/ _bأ ش |
| 100 | 0 | _aاحمد عمر هاشم | |
| 245 | 1 | 2 |
_aالشفاعة فى ضوء الكتاب والسنة والرد على منكريها / _cاحمد عمر هاشم |
| 250 | _aط.1 | ||
| 260 |
_aالقاهرة : _bاطلس للنشر والانتاج الاعلامى ، _c2004 |
||
| 300 |
_a79 ص. ؛ _c24 سم. |
||
| 650 | 0 | 7 |
_2qrmak _aالشفاعة |
| 650 | 0 | 7 |
_2qrmak _aالشفاعة فى القران |
| 651 | _2qrmak | ||
| 942 |
_2ddc _cBK |
||